000 00655cam a2200229 4500500
005 20260405003254.0
041 _afre
042 _adc
100 1 0 _aPortevin, Catherine
_eauthor
245 0 0 _aPendant que j’y pense/Avril 2021
260 _c2021.
500 _a36
690 _aAmérique
690 _aCatherine Portevin
690 _aÉtats-Unis
690 _aMaladie
690 _aMort
690 _aSanté
690 _aTimothy Snyder
786 0 _nPhilosophie magazine | 148 | 4 | 2021-04-01 | p. 60-61 | 1951-1787
856 4 1 _uhttps://shs.cairn.info/magazine-philosophie-magazine-2021-4-page-60?lang=fr&redirect-ssocas=7080
999 _c2065980
_d2065980